000 00418nam a22001457a 4500
999 _c12023
_d12023
008 210118b ||||| |||| 00| 0 eng d
082 0 0 _a387.03
_bW3371
100 _91
_aWatson, G. O.
245 1 0 _aDictionary of marine engineering and nautical terms
_cBy G. O. Watson
260 _aLondon :
_bGeorge Newnes,
_c1964.
300 _avii,304 p.
365 _d32.40
650 0 _aMarine Engineering Dictionary
942 _cBK